Análisis real /
Guardado en:
| Autor Principal: | |
|---|---|
| Otros Autores: | |
| Formato: | Libro |
| Idioma: | Spanish English |
| Publicado: |
Madrid :
Aguilar,
c1971.
|
| Etiquetas: |
Agregar Etiqueta
Sin Etiquetas, Sea el primero en etiquetar este registro!
|
| LEADER | 00774nam a22002055a 4500 | ||
|---|---|---|---|
| 001 | MAT.inmabb002337 | ||
| 008 | 040326s1971####sp#######b####001#0#spa#d | ||
| 005 | 20150320164907.0 | ||
| 245 | 1 | 0 | |a Análisis real / |c Edward J. McShane y Truman A. Botts ; traducción del inglés por Antonio Pardo Fraile. |
| 260 | |a Madrid : |b Aguilar, |c c1971. | ||
| 300 | |a xx, 336 p. ; |c 22 cm. | ||
| 500 | |a Traducción de: Real analysis. Princeton, N.J. : Van Nostrand, c1959. | ||
| 504 | |a Bibliografía: p. 325-326. | ||
| 100 | 1 | |a McShane, E. J. |q (Edward James), |d 1904- | |
| 240 | 1 | 0 | |a Real analysis. |l Español |
| 700 | 1 | |a Botts, Truman Arthur, |d 1917- | |
| 084 | |a 26-01 |2 msc2000 | ||
| 041 | 1 | |a spa |h eng | |
| 859 | |h 26 |i M175e |p A-4008 |b BIB. MATEMATICA | ||
| 859 | |h 26 |i M175e |p A-6535 |t Ej. 2 |b BIB. MATEMATICA | ||
